Statistics for former english football grounds

Click here to take the quiz!

General Stats

  • This quiz has been taken 49 times
  • The average score is 14 of 20

Answer Stats

Answer% Correct
HighburyArsenal
100%
Upton ParkWest Ham
100%
The DellSouthampton
97%
Maine RoadManchester City
95%
Roker ParkSunderland
92%
Filbrt StreetLeicester City
85%
Ayresome ParkMiddlesbrough
74%
Highfield RoadCoventry City
74%
Burnden ParkBolton
69%
Victoria GroundStoke City
67%
Goldstone GroundBrighton
64%
Boothferry ParkHull City
64%
Vetch FieldSwansea City
59%
Elm ParkReading
56%
Manor GroundOxford
54%
MillmoorRotherham United
51%
Leeds RoadHuddersfield
51%
Belle VueDoncaster Rovers
51%
Springfield ParkWigan Athletic
41%
Old Show GroundScunthorpe United
15%

Score Distribution

Percentile by Number Answered

Percent of People with Each Score

Your Score History

You have not taken this quiz